000 00293nam a2200109Ia 4500
008 220217s9999 xx 000 0 und d
245 0 _aSurgical rubber gloves-specification. (First Revision).
260 _c1989
500 _aStandard number: IS 4148
650 _aSurgical gloves
942 _cST
999 _c73768
_d73768